Riders of justice 2020 / directed by Andres Thomas Jensen ; written by Andres Thomas Jensen ; produced by Sidsel Hybschmann, Sisse Graum Jorgensen. (Record no. 20958)

000 -LEADER
fixed length control field 01172nam a2200253 4500
008 - FIXED-LENGTH DATA ELEMENTS--GENERAL INFORMATION
fixed length control field 250528b xxu||||| |||| 00| 0 eng d
040 ## - CATALOGING SOURCE
Original cataloging agency Cagayan State University
Description conventions RDA
082 ## - DEWEY DECIMAL CLASSIFICATION NUMBER
Classification number 791.4372
Item number R435 2020
245 ## - TITLE STATEMENT
Title Riders of justice 2020 / directed by Andres Thomas Jensen ; written by Andres Thomas Jensen ; produced by Sidsel Hybschmann, Sisse Graum Jorgensen.
260 ## - PUBLICATION, DISTRIBUTION, ETC. (IMPRINT)
Place of publication, distribution, etc Denmark :
Name of publisher, distributor, etc Zentropa Entertainments ;
-- Nordisk Film,
Date of publication, distribution, etc 2020.
300 ## - PHYSICAL DESCRIPTION
Extent 1 videofile, (ca. 116 mins.)
Other physical details sound, color.
520 ## - SUMMARY, ETC.
Summary, etc Markus returns home to care for his daughter when his wife dies in a tragic train accident. However, when a survivor of the wreck surfaces and claims foul play, Markus suspects his wife was murdered and embarks on a mission to find those responsible.
650 ## - SUBJECT ADDED ENTRY--TOPICAL TERM
Topical term or geographic name as entry element Drama.
650 ## - SUBJECT ADDED ENTRY--TOPICAL TERM
Topical term or geographic name as entry element Action.
700 ## - ADDED ENTRY--PERSONAL NAME
Personal name Mikkelsen, Mads, star.
700 ## - ADDED ENTRY--PERSONAL NAME
Personal name Kaas, Nikolaj Lie, star.
700 ## - ADDED ENTRY--PERSONAL NAME
Personal name Gadeberg, Andrea Heick, star.
700 ## - ADDED ENTRY--PERSONAL NAME
Personal name Brygmann, Lars, star.
700 ## - ADDED ENTRY--PERSONAL NAME
Personal name Bro, Nicolas, star.
700 ## - ADDED ENTRY--PERSONAL NAME
Personal name Tuxen, Kasper, cinematographer.
700 ## - ADDED ENTRY--PERSONAL NAME
Personal name Kristiansen, Anders Albjerg, editor.
700 ## - ADDED ENTRY--PERSONAL NAME
Personal name Monberg, Nicolaj, editor.
942 ## - ADDED ENTRY ELEMENTS (KOHA)
Source of classification or shelving scheme
Item type Audio-Visual Materials
Holdings
Source of acquisition Price effective from Permanent location Date last seen Not for loan Date acquired Source of classification or shelving scheme Koha item type Collection code Shelving location Damaged status Lost status Withdrawn status Current location Full call number
Donation2025-05-28Cagayan State University - Carig Library2025-05-28 2025-05-28 Audio-Visual MaterialsElectronic Media CenterElectronic Media Center   Cagayan State University - Carig Library791.4372 R435 2020

Cagayan State University University Library, Carig Campus
Tuguegarao City, Cagayan 3500 | www.csucarig.edu.ph

Powered by Koha